| 000 | 00773nam a2200265Ia 4500 | ||
|---|---|---|---|
| 001 | 18220 | ||
| 003 | GE_BSU | ||
| 008 | 181216s||||||||xx |||||||||||||| ||und|| | ||
| 020 | _a9780521618229 | ||
| 040 | _cGE_BSU | ||
| 080 | _a811.111 | ||
| 100 | _aWright, Andrew, David Betteridge, Michael Buckby. | ||
| 245 | _aGames for language learning | ||
| 250 | _a3rd edition. | ||
| 260 | _aCambridge ; New York : | ||
| 260 | _bCambridge University Press | ||
| 260 | _c2006 | ||
| 300 | _axiii, 193 p; ill. ; 23 cm. | ||
| 541 | _h90gel. | ||
| 653 | _aGames for language learning | ||
| 653 | _agrammar | ||
| 653 | _aLanguages,Modern--Study and teaching. Educational games. | ||
| 653 | _aინგლისური ენა(გრამატიკა) | ||
| 942 | _cBK | ||
| 999 |
_c51258 _d51258 |
||